| 000 | 00483nam a2200193Ia 4500 | ||
|---|---|---|---|
| 003 | GCL | ||
| 008 | 140319s9999 xx 000 0 eng d | ||
| 040 |
_aGCL / _cGCL |
||
| 082 | 0 | 4 |
_a547 _bM O |
| 100 | 1 | _aMUKHER, S. M. | |
| 245 | 1 | 0 |
_aORGANIC CHEMISTRY / _cMUKHER, S. M. |
| 700 | 1 | _aSINGH, S. P. | |
| 700 | 1 | _aKAPOOR, R. P. | |
| 260 |
_a[S.N] : _bWILLY EASTERN LIMITED ، _c1992 |
||
| 300 | _a1407\P | ||
| 650 | 0 | 4 | _aCHEMISTRY |
| 650 | 0 | 4 | _aORGANIC CHEMISTRY |
| 942 |
_2ddc _cBK |
||
| 999 |
_c20126 _d20126 |
||